000 00857cab a2200253 4500
001 ABS56548
008 090401t1997 xxu||||| |||| 00| 0 eng d
035 _a(Sirsi) u24446
041 _aeng
100 _aKumaraswamy, M.
245 _aCommon categories and causes of construction claims
260 _c1997
350 _a0
490 _aConstruction Law Journal
_v13(1) February 1997, 21-34(8)
520 _aA study of common construction claims and their causes. The author attempts to trace the causes of claims and track the responsibilities and liabilities. Examples. Tables.
650 _aCAUSES
650 _aBUILT ENVIRONMENT-BUILDING CONTRACT FORMS
650 _aCONTRACT CLAIMS
650 _aEXTENSIONS OF TIME
650 _aVARIATIONS
690 _aBUILT ENVIRONMENT-BUILDING CONTRACT FORMS
942 _n0
948 _c04/03/1997
999 _c16393
_d16393